书目信息 |
| 题名: |
管理金融风险
|
|
| 作者: | 史密森 著 ;应惟伟 译 | |
| 分册: | ||
| 出版信息: | 北京 中国人民大学出版社 2004 |
|
| 页数: | 612页 | |
| 开本: | 26cm | |
| 丛书名: | 金融学译丛 | |
| 单 册: | ||
| 中图分类: | F830.2 | |
| 科图分类: | ||
| 主题词: | 金融--风险管理 , 风险管理 , 金融 | |
| 电子资源: | ||
| ISBN: | 7-300-04388-7 | |
| 000 | 01410nam0 2200337 450 | |
| 000 | 01399nam0 2200325 450 | |
| 000 | 01330nam0 2200301 450 | |
| 000 | 01294nam0 2200289 45 | |
| 005 | 20070725170051.46 | |
| 010 | @a7-300-04388-7@dCNY58.00 | |
| 100 | @a20070626d2004 em y0chiy0120 ea | |
| 101 | 1 | @achi@aeng |
| 102 | @aCN@b110000 | |
| 105 | @ay z 000yy | |
| 200 | 1 | @a管理金融风险@AGuan Li Jin Rong Feng Xian@e衍生产品、金融工程和价值最大化管理@EYan Sheng Chan Pin、 Jin Rong Gong Cheng He Jia Zhi Zui Da Hua Guan Li@f(美)查尔斯·W.史密森(Charles W.Smithson)著@F( Mei ) Cha Er Si· W. Shi Mi Sen (Charles W.Smithson) Zhu@g应惟伟等译 |
| 205 | @a3版 | |
| 210 | @a北京@c中国人民大学出版社@d2004 | |
| 215 | @a612页@d26cm | |
| 225 | 2 | @a金融学译丛 |
| 306 | @a与美国麦格劳-希尔国际公司合作出版,据原书三版译出 | |
| 330 | @a本文集着重对衍生产品、金融工程和价值最大化管理的探讨,把远期、期货、互换、期权和混杂证券等衍生工具,与金融风险管理的最新技术在一起讨论。 | |
| 410 | 0 | @12001 @a金融学译丛 |
| 510 | 1 | @aManaging Financial Risk : A Guide to Derivative Products, Financial Engineering, and Value Maximization@zeng |
| 606 | 0 | @a金融@x风险管理 |
| 606 | 0 | @a风险管理 |
| 606 | 0 | @a金融 |
| 690 | @aF830.2@v4 | |
| 701 | 1 | @c(美)@a史密森@AShi Mi Sen@g(Smithson, Charles W.)@4著 |
| 702 | 0 | @a应惟伟@AYing Wei Wei@4译 |
| 801 | 0 | @aCN@bTAOJIN@c20070725 |
| 905 | @a10447@dF830.2@e105=3 | |
| 管理金融风险:衍生产品、金融工程和价值最大化管理/(美)查尔斯·W.史密森(Charles W.Smithson)著/应惟伟等译.-3版.-北京:中国人民大学出版社,2004 |
| 612页;26cm.-(金融学译丛 ) |
| ISBN 7-300-04388-7:CNY58.00 |
| 本文集着重对衍生产品、金融工程和价值最大化管理的探讨,把远期、期货、互换、期权和混杂证券等衍生工具,与金融风险管理的最新技术在一起讨论。 |
| ● |
| 相关链接 |
|
|
|
|
正题名:管理金融风险
索取号:F830.2/105=3
 
预约/预借
| 序号 | 登录号 | 条形码 | 馆藏地/架位号 | 状态 | 备注 |
| 1 | 0826011 | 208260111 | 第一样本阅览室/ [索取号:F830.2/105=3] | 在馆 | |
| 2 | 0826012 | 208260120 | 第一借阅区/ [索取号:F830.2/105=3] | 在馆 | |
| 3 | 0826013 | 208260139 | 第一借阅区/ [索取号:F830.2/105=3] | 在馆 | |
| 4 | 0826014 | 208260148 | 第一借阅区/ [索取号:F830.2/105=3] | 在馆 | |
| 5 | 0826015 | 208260157 | 密集书库/ [索取号:F830.2/105=3] | 在馆 | |
| 6 | 0826016 | 208260166 | 密集书库/ [索取号:F830.2/105=3] | 在馆 | |
| 7 | 0826017 | 208260175 | 第一借阅区/ [索取号:F830.2/105=3] | 在馆 | |
| 8 | 0826018 | 208260184 | 密集书库/ [索取号:F830.2/105=3] | 在馆 |